Top 10 Countries Most Prone to Hurricanes - Statistics

General Stats
  • This quiz has been taken 128 times
  • The average score is 7 of 10
Answer Stats
Answer % Correct
5 United States
99%
4 Mexico
91%
3 Japan
83%
10 Cuba
81%
1 China
80%
2 Philippines
77%
8 Vietnam
62%
6 Australia
60%
7 Taiwan
58%
9 Madagascar
34%
No matching quizzes found
Score Distribution
Percent of People with Each Score
Percentile by Number Answered
Your Score History
You have not taken this quiz